000 00342nam a22001457a 4500
008 210302b ||||| |||| 00| 0 eng d
020 _a9780521479806
041 _aeng
080 _a574
082 _a574
100 _a9
101 _aMJE
245 _aLand Mosaics The ecology of landscapes and regions
_cForman, R.T.T
942 _2udc
_cBK
999 _c55445
_d55445